|
|
|
|
| LEADER |
01596nam a22003258i 4500 |
| 001 |
34398 |
| 003 |
BD-DhAAL |
| 005 |
20211207124252.0 |
| 008 |
190325t2019 nyu 001 0 eng |
| 999 |
|
|
|c 40538
|d 40538
|
| 010 |
|
|
|a 2018016695
|
| 020 |
|
|
|a 9781138224322 (pbk.)
|
| 020 |
|
|
|a 9781138224315 (hardcover)
|
| 040 |
|
|
|a DLC
|b eng
|e rda
|c DLC
|d BD-DhAAL
|
| 042 |
|
|
|a pcc
|
| 050 |
0 |
0 |
|a HM585
|b .G68 2019
|
| 082 |
0 |
0 |
|a 301
|2 23
|
| 100 |
1 |
|
|a Gottfried, Rosalind
|9 30574
|
| 245 |
1 |
0 |
|a My sociology :
|b an introduction for today's students /
|c Rosalind Gottfried.
|
| 260 |
|
|
|a New York, NY :
|b Routledge,
|c c2019.
|
| 300 |
|
|
|a x, 651 pages :
|b illustrations ;
|c 24 cm
|
| 504 |
|
|
|a Includes bibliographical references and index.
|
| 505 |
0 |
|
|a Society and sociology -- Cultures in America -- Doing sociological research -- Socialization and social groups -- Social class, inequality, and poverty -- Genders in society -- Races and ethnicities in society -- Deviance, substance abuse, and incarceration -- Health and healthcare -- Families in society -- Education in society -- Work and political economy -- Religions in society -- Population, the environment, and technology -- Social change and the 21st century.
|
| 526 |
|
|
|a ESS
|
| 541 |
|
|
|a Parama
|e 34398
|
| 650 |
|
0 |
|a Sociology.
|9 30575
|
| 650 |
|
0 |
|a Economics.
|9 43525
|
| 852 |
|
|
|a Ayesha Abed Library
|c General Stacks
|
| 942 |
|
|
|2 ddc
|c BK
|
| 952 |
|
|
|0 0
|1 0
|2 ddc
|4 0
|6 301_000000000000000_GOT
|7 0
|9 65156
|a BRACUL
|b BRACUL
|c GEN
|d 2019-02-26
|e Parama
|g 3336.29
|l 4
|m 12
|o 301 GOT
|p 3010034398
|q 2026-05-19
|r 2026-03-07
|s 2026-03-07
|t 1
|v 3336.29
|w 2019-02-26
|y BK
|